Sadomasochism in everyday life the dynamics of power and powerlessness
Neal A. Newfield, Ph.D., LICSW (Giver)
Đã lưu trong:
| Hovedforfatter: | |
|---|---|
| Format: | Bog |
| Sprog: | Undetermined |
| Udgivet: |
New Brunswick, NJ
Rutgers University
1992
|
| Fag: | |
| Online adgang: | http://lrc.tdmu.edu.vn/opac/search/detail.asp?aID=2&ID=32206 |
| Tags: |
Tilføj Tag
Ingen Tags, Vær først til at tagge denne postø!
|
| Thư viện lưu trữ: | Trung tâm Học liệu Trường Đại học Thủ Dầu Một |
|---|
| LEADER | 00888nam a2200217Ia 4500 | ||
|---|---|---|---|
| 001 | TDMU_32206 | ||
| 008 | 210410s9999 xx 000 0 und d | ||
| 082 | |a 301.01 | ||
| 090 | |b C105 | ||
| 100 | |a Chancer, Lynn S | ||
| 245 | 0 | |a Sadomasochism in everyday life | |
| 245 | 4 | |b the dynamics of power and powerlessness | |
| 245 | 0 | |c Lynn S. Chancer | |
| 260 | |a New Brunswick, NJ | ||
| 260 | |b Rutgers University | ||
| 260 | |c 1992 | ||
| 300 | |a ix, 238 p. | ||
| 520 | |a Neal A. Newfield, Ph.D., LICSW (Giver) |d 2017; Includes bibliographical references and index | ||
| 650 | |a Interpersonal relations; Power (Social sciences) |z United States; Sadomasochism |z United States; Quan hệ giữa các cá nhân; Ác thống dâm |z Hoa Kỳ | ||
| 856 | |u http://lrc.tdmu.edu.vn/opac/search/detail.asp?aID=2&ID=32206 | ||
| 980 | |a Trung tâm Học liệu Trường Đại học Thủ Dầu Một | ||